| 000 | 00788na a2200241 4500 | ||
|---|---|---|---|
| 001 | 14258 | ||
| 003 | MIRAKIL | ||
| 005 | 20181213154832.0 | ||
| 008 | 161019b tu 000 0 | ||
| 035 | _a14258 | ||
| 040 |
_aMilas _btur _cTR-AnCHP |
||
| 041 | _atur | ||
| 082 |
_aATA 923.156 _bÇ61 2007 |
||
| 090 | _aATA 923.156 Ç61 2007 | ||
| 245 |
_aÇocuklar için çarpan bir yürek Atatürk'ün çocukları fotoğraf albümü _chazırlayan Hanri Benazus |
||
| 260 |
_aİzmir _bEmre Basımevi _c2007 |
||
| 300 |
_a142 s. _bfotg. _c27 sm. |
||
| 490 |
_aİzmir Ege Kültür Platformu Derneği Yayınları _a3 |
||
| 600 |
_aAtatürk, Mustafa Kemal _d1881-1938 _xÇocuklar |
||
| 600 |
_aAtatürk, Mustafa Kemal _d1881-1938 _xFotoğraflar |
||
| 700 | _aBenazus, Hanri | ||
| 942 |
_2dcc _cBKS |
||
| 999 |
_c1729 _d1729 |
||